El enigma del hombre: de la antropología a la religión
Uloženo v:
| Hlavní autor: | |
|---|---|
| Médium: | Kniha |
| Jazyk: | španělština |
| Vydáno: |
Pamplona
Eunsa
1999
|
| Vydání: | 3a. ed |
| Edice: | Astrolabio, 47
|
| Témata: | |
| Tagy: |
Přidat tag
Žádné tagy, Buďte první, kdo vytvoří štítek k tomuto záznamu!
|
MARC
| LEADER | 00000nam a2200000 a 4500 | ||
|---|---|---|---|
| 001 | UCO4492 | ||
| 003 | CL-VaPUC | ||
| 008 | 000804e19990000SP |||||||||||||||||spa|d | ||
| 082 | 0 | 4 | |a 142.7 |b GUE |2 21 |
| 100 | |a Guerra Gómez, Manuel |e autor |9 591728 | ||
| 245 | 1 | 3 | |a El enigma del hombre: de la antropología a la religión |
| 250 | |a 3a. ed | ||
| 300 | |a 407 p | ||
| 942 | |c BK | ||
| 945 | |d 20000804 00:00:00 |a vberengu | ||
| 260 | |a Pamplona |b Eunsa |c 1999 | ||
| 650 | 0 | |a Antropología estructural y social |9 535731 | |
| 650 | 0 | |a Estructuralismo |9 265696 | |
| 650 | 0 | |a Existencialismo |9 265698 | |
| 650 | 0 | |a Fenomenología |9 256519 | |
| 650 | 0 | |a Naturaleza humana |9 308593 | |
| 650 | 0 | |a Religión |9 255164 | |
| 583 | |a last modification |c 20000804 00:00:00 |k Rodrigo Vera | ||
| 490 | 0 | |a Astrolabio, 47 | |
| 999 | |c 290530 |d 290528 | ||
| 952 | |0 0 |1 0 |4 0 |6 142_700000000000000_GUE_1999 |7 0 |8 A |9 340026 |a BIBEDU |b BIBEDU |d 2019-11-20 |i 3639169 |o 142.7 GUE 1999 |p 3639169 |r 2019-11-20 |w 2019-11-20 |y BK |k EDU | ||